Kluby piłkarskie South West England - nagła śmierć - Statystyki

Ogólne statystyki
  • Ten quiz został rozwiązany 13 razy
  • Średni wynik to 4 z 10
Answers on the Grid
Answers color-coded by a green-red scale on the quiz's grid according to % correct below.
Notts County
Bristol City
Boston United
Bristol Rovers
AFC Bournemouth
Oxford United
Cheltenham Town
FC Gillingham
FC Southampton
Swindon Town
Exeter City
Portsmouth FC
Plymouth Argyle
Yeovil Town
Wealdstone FC
Truro City FC
Forest Green Rovers
Bromley FC
 
Statystyki odpowiedzi
Odpowiedź % Poprawnych
Truro City FC
56%
AFC Bournemouth
44%
Bristol City
44%
Bristol Rovers
33%
Cheltenham Town
33%
Exeter City
33%
Forest Green Rovers
33%
Plymouth Argyle
33%
Yeovil Town
33%
Swindon Town
22%
Nie znaleziono quizów pasujących do podanych kryteriów
Rozkład punktacji
Procent ludzi z każdym wynikiem
Percentyl według liczby udzielonych odpowiedzi
Twoja historia wyników
Nie rozwiązałeś tego quizu